|
|
|
|
| LEADER |
00000nam a22000007i 4500 |
| 001 |
IT\ICCU\LO1\0380658 |
| 003 |
ItRI |
| 005 |
20260115231904.0 |
| 008 |
951031s1995 it |||||| ||||| |||||c |
| 020 |
|
|
|a 8824104304
|
| 040 |
|
|
|b ita
|c importazione bologna sebina
|
| 041 |
|
7 |
|a ita
|2 ISO-639-2
|
| 082 |
|
|
|a 858.91408
|9 SCRITTI MISCELLANEI ITALIANI. 1945-. Scritti in prosa
|2 20
|
| 100 |
1 |
|
|a Perotti, Simone
|0 IT\ICCU\LO1V\149439
|4 aut
|
| 245 |
1 |
0 |
|a Zenzero e nuvole :
|b manuale di nomadismo gastronomico e letterario : racconti e ricette per il prossimo millennio /
|c Simone Perotti.
|
| 260 |
|
|
|a Roma (etc.) :
|b Theoria,
|c 1995
|
| 300 |
|
|
|a 152 p. ;
|c 19 cm.
|
| 650 |
|
7 |
|a Culinaria
|
| 650 |
|
7 |
|a Culinaria
|x Aneddoti
|2 scbi
|
| 830 |
|
0 |
|a Ritmi ;
|v 19
|0 IT\ICCU\VIA\0043812
|
| 942 |
|
|
|2 ddc
|c BK
|n 0
|
| 952 |
|
|
|0 0
|1 0
|4 0
|6 DOC_853_914000000000000_PER
|7 0
|9 15450
|a BO
|b BO
|d 2026-01-15
|i 10339
|l 0
|o DOC 853.914 PER
|p BO10339
|r 2026-01-15 23:19:04
|w 2026-01-15
|x [Sebina 5] [1 v.]
|y BK
|z 1 v.
|
| 999 |
|
|
|c 13300
|d 13300
|